书目信息 |
| 题名: |
俄罗斯文学名著选读
|
|
| 作者: | 张建华 , 任光宣 编 | |
| 分册: | 下卷 | |
| 出版信息: | 北京 北京大学出版社 2005 |
|
| 页数: | 702页 | |
| 开本: | 23cm | |
| 丛书名: | ||
| 单 册: | ||
| 中图分类: | H359.4:I | |
| 科图分类: | ||
| 主题词: | 俄语--阅读教学--高等学校--教材 , 文学--作品--俄罗斯--选集 , 俄语 , 阅读教学 , 文学 | |
| 电子资源: | ||
| ISBN: | 7-301-07809-9 | |
| 000 | 01215nam0 2200313 450 | |
| 001 | 012007191171 | |
| 005 | 20070612110817.75 | |
| 010 | @a7-301-07809-9@dCNY48.00 | |
| 100 | @a20070516d2005 km y0chiy0120 ea | |
| 101 | 0 | @arus@achi |
| 102 | @aCN@b110000 | |
| 105 | @ay z 000yy | |
| 106 | @ar | |
| 200 | 1 | @a俄罗斯文学名著选读@Ae luo si wen xue ming zhu xuan du@h下卷@f张建华,任光宣编@Fzhang jian hua,ren guang xuan bian |
| 210 | @a北京@c北京大学出版社@d2005 | |
| 215 | @a702页@d23cm | |
| 300 | @a21世纪外国文学系列教材,普通高等教育“十五”国家级规划教材 | |
| 330 | @a本书是根据教育部高校外语教材编审委员会的计划编选、供俄语专业高年级使用的教材。选材时根据思想性和艺术性统一的原则,力求全面反映俄苏文学发展过程,注意到不同时代、不同流派、各种文学体裁、题材不同艺术风格的作品。 | |
| 510 | 1 | @aРусская литература хрестоматия@zrus |
| 606 | 0 | @a俄语@x阅读教学@x高等学校@j教材 |
| 606 | 0 | @a文学@x作品@y俄罗斯@j选集 |
| 606 | 0 | @a俄语 |
| 606 | 0 | @a阅读教学 |
| 606 | 0 | @a文学 |
| 690 | @aH359.4:I@v4 | |
| 701 | 0 | @a张建华@Azhang jian hua@c(俄罗斯文学)@4编 |
| 701 | 0 | @a任光宣@Aren guang xuan@c(教授)@4编 |
| 801 | 0 | @aCN@bRULIN@c20070612 |
| 905 | @dH359.4:I@e140:2@s8 | |
| 俄罗斯文学名著选读.下卷/张建华,任光宣编.-北京:北京大学出版社,2005 |
| 702页;23cm |
| 21世纪外国文学系列教材,普通高等教育“十五”国家级规划教材 |
| ISBN 7-301-07809-9:CNY48.00 |
| 本书是根据教育部高校外语教材编审委员会的计划编选、供俄语专业高年级使用的教材。选材时根据思想性和艺术性统一的原则,力求全面反映俄苏文学发展过程,注意到不同时代、不同流派、各种文学体裁、题材不同艺术风格的作品。 |
| ● |
| 相关链接 |
|
|
|
|
正题名:俄罗斯文学名著选读
索取号:H359.4:I/140:2
 
预约/预借
| 序号 | 登录号 | 条形码 | 馆藏地/架位号 | 状态 | 备注 |
| 1 | 0576574 | 205765741 | 第二样本阅览室/ [索取号:H359.4:I/140:2] | 在馆 | |
| 2 | 0576575 | 205765750 | 第四借阅区/ [索取号:H359.4:I/140:2] | 在馆 | |
| 3 | 0576576 | 205765769 | 第四借阅区/ [索取号:H359.4:I/140:2] | 在馆 | |
| 4 | 0576577 | 205765778 | 第四借阅区/ [索取号:H359.4:I/140:2] | 在馆 | |
| 5 | 0576578 | 205765787 | 第四借阅区/ [索取号:H359.4:I/140:2] | 在馆 | |
| 6 | 0576579 | 205765796 | 第四借阅区/ [索取号:H359.4:I/140:2] | 在馆 | |
| 7 | 0576580 | 205765803 | 第四借阅区/ [索取号:H359.4:I/140:2] | 在馆 | |
| 8 | 0576581 | 205765812 | 第四借阅区/ [索取号:H359.4:I/140:2] | 在馆 |